Swimming: 2024 Paris Olympic Champions - Statistics

General Stats
  • This quiz has been taken 212 times
  • The average score is 19 of 35
Answer Stats
Event Champion % Correct
Men's 200m Fly Leon Marchand
82%
Men's 200m Breast Leon Marchand
82%
Men's 200m IM Leon Marchand
82%
Men's 400m IM Leon Marchand
82%
Men's 4x100 Free Relay USA
74%
Women's 4x100 Medley Relay USA
74%
4x100 Mixed Medley Relay USA
74%
Women's 800m Free Katie Ledecky
69%
Women's 1500m Free Katie Ledecky
69%
Women's 4x100m Free Relay Australia
68%
Women's 4x200 Free Relay Australia
68%
Men's 4x100 Medley Relay China
66%
Women's 200m Fly Summer McIntosh
63%
Women's 200m IM Summer McIntosh
63%
Women's 400m IM Summer McIntosh
63%
Men's 100m Free Pan Zhanle
57%
Men's 4x200 Freestyle Relay Great Britain
55%
Men's 1500m Free Bobby Finke
54%
Men's 200m Free David Popovici
50%
Women's 50m Free Sarah Sjostrom
48%
Women's 100m Free Sarah Sjostrom
48%
Men's 800m Free Daniel Wiffen
46%
Men's 50m Free Cameron McEvoy
45%
Men's 100m Back Thomas Ceccon
43%
Women's 100m Back Kaylee McKeown
41%
Women's 200m Back Kaylee McKeown
41%
Women's 100m Fly Torri Huske
38%
Men's 100m Fly Kristof Milak
37%
Women 's 200m Free Mollie O'Callaghan
36%
Men's 200m Back Hubert Kos
35%
Women's 400m Free Ariarne Titmus
34%
Men's 100m Breast Nicolo Martinenghi
32%
Women's 200m Breast Kate Douglass
26%
Men's 400m Free Lukas Maertens
20%
Women's 100m Breast Tatjana Smith
20%
No matching quizzes found
Score Distribution
Percent of People with Each Score
Percentile by Number Answered
Your Score History
You have not taken this quiz